Dane I. učebnica 4

Enregistré dans:
Détails bibliographiques
Auteur principal: Petrenka, Ján
Autres auteurs: Borodovčák, Michal, Schultzová, Anna, Neubauerová, Erika, 1968-, Schwarzová, Eva
Format: Livre
Langue:slovaque
Publié: Bratislava SÚVAHA 2000
Sujets:
Tags: Ajouter un tag
Pas de tags, Soyez le premier à ajouter un tag!

MARC

LEADER 00000nam a2200000 4500
001 c118006
005 20221123132619.6
020 |a 80-88727-35-9 
041 0 |a slo 
044 |a SK 
245 1 0 |a Dane I.  |b učebnica 4  |c Ján Petrenka a kol. 
264 1 |a Bratislava  |b SÚVAHA  |c 2000 
300 |a 250 s. 
610 2 0 |a dane 
610 2 0 |a systémy daňové 
610 2 0 |a dane nepriame 
610 2 0 |a dane priame 
610 2 0 |a kontrola daňová 
610 2 0 |a dane z hodnoty pridanej 
610 2 0 |a dane spotrebné 
610 2 0 |a dane z príjmov 
610 2 0 |a dane cestné 
610 2 0 |a dane z dedičstva 
610 2 0 |a dane z nehnuteľností 
610 2 0 |a zákony 
610 2 0 |a legislatíva 
610 2 0 |a Slovensko 
100 1 |a Petrenka, Ján 
700 1 |a Borodovčák, Michal 
700 1 |a Schultzová, Anna 
700 1 |a Neubauerová, Erika, 1968- 
700 1 |a Schwarzová, Eva